[Event "Aracaju rapid op"]
[Site "Aracaju"]
[Date "2020.01.18"]
[Round "4"]
[White "De Santana Santos, Elisson"]
[Black "Dos Santos, Lucas Henrique"]
[Result "1-0"]
[WhiteElo "1900"]
[BlackElo "1900"]
[PlyCount "39"]
[EventDate "2020.01.18"]
[EventType "swiss"]
[EventRounds "4"]
[EventCountry "BRA"]
[SourceTitle "CBM 194 Extra"]
[Source "ChessBase"]
[SourceDate "2020.03.31"]
[SourceVersion "1"]
[SourceVersionDate "2020.03.31"]
[SourceQuality "1"]

1. Nf3 d5 2. d4 Nc6 3. Bf4 e6 4. Nc3 Bb4 5. e3 Nf6 6. Bb5 0-0 7. 0-0 Bxc3 8. bxc3 Na5 9. Bd3 Nc4 10. Qc1 Re8 11. Ne5 Nxe5 12. dxe5 Ng4 13. Qd1 Qh4 14. Bg3 Qh5 15. Be2 f5 16. exf6 e5 17. h3 Nxf2 18. Bxh5 Nxd1 19. f7+ Kf8 20. fxe8Q# 1-0